000 00255nam a2200097Ia 4500
008 230915s9999 xx 000 0 und d
050 _aHD30.3.O76
100 _aJAMES S. O'ROURKE
245 0 _aMANAGEMENT COMMUNICATION: A CASE-ANALYSIS APPROACH
942 _cBK
999 _c75804
_d75804